000 00537cam a2200205 4500
008 090401t1990 xxu||||| |||| 00| 0 eng d
020 _a0749401559
035 _a(Sirsi) u53373
041 _aeng
050 _a658.404
100 _aHaynes, Marion E
245 _aProject management: from idea to implementation.
260 _aLondon
_bKogan Page
_c1990
300 _a78p. ; 22cm.
350 _a5.99
490 _aKogan Page Better Management Skills
690 _aProject management
_96261
942 _n0
948 _c04/03/1997
999 _c93259
_d93259